| 000 | 00498cam a22002051 4500 | ||
|---|---|---|---|
| 001 | sa 64002834 | ||
| 003 | DLC | ||
| 005 | 20260227112012.0 | ||
| 008 | 881028s1963 xx 000 0 hino | ||
| 010 | _asa 64002834 | ||
| 035 | _a(OCoLC)23554165 | ||
| 040 |
_aDLC _cMiU _dDLC |
||
| 042 | _apremarc | ||
| 050 | 0 | 0 |
_aPK1718.K29 _bG5 1963 |
| 100 | 0 |
_aKanishka, _d1925- |
|
| 245 | 1 | 0 | _aGhaseá¹i Begama. |
| 260 | _c[1963] | ||
| 300 |
_a230 p. _c23 cm. |
||
| 600 | 1 | 0 |
_aGhasiti Begam, _d-1760 _vFiction. |
| 999 |
_c57535 _d57535 |
||